Harry Styles songs by Emojis🧑🏻 - Statistics

General Stats
  • This quiz has been taken 4,281 times
  • The average score is 10 of 12
Answer Stats
Hint Answer % Correct
🍉🍬 Watermelon Sugar
96%
🍒 Cherry
95%
🥝 Kiwi
95%
🍇🧃 Grapejuice
93%
🌞🌼 Sunflower
91%
💡💡⬆ Lights Up
88%
🛰 Satellite
88%
👻👻 Two Ghosts
88%
🎵🍣🍴 Music For A Sushi Restaurant
87%
👼🏻 Only Angel
79%
👩🏼 Woman
72%
👨🏻👱🏻‍♀⬅ She
49%
No matching quizzes found
Score Distribution
Percent of People with Each Score
Percentile by Number Answered
Your Score History
You have not taken this quiz